Statistics for Detroit Lions All Time Leaders

Click here to take the quiz!

General Stats

  • This quiz has been taken 38 times
  • The average score is 4 of 8

Answer Stats

StatNumAnswerYears% Correct
Receiving
Yards
11,619Calvin Johnson2007-15
100%
Passing
Yards
45,109Matthew Stafford2009-20
100%
Rushing
Yards
15,269Barry Sanders1989-98
97%
Field Goals
Made
495Jason Hanson1992-12
27%
Total Points2,150Jason Hanson1992-12
27%
Solo Tackles1,020Chris Spielman1988-95
23%
Interceptions62Dick LeBeau1959-72
20%
Sacks100.0Alex Karras1958-70
17%

Score Distribution

Percentile by Number Answered

Percent of People with Each Score

Your Score History

You have not taken this quiz